ՀՀ Գիտությունների ազգային ակադեմիայի հիմնարար գիտական գրադարան  =   Fundamental Scientific Library of NAS RA

Ժամագիրք Հայաստանեայց Ս. եկեղեցւոյ / (Record no. 180369)

MARC details
000 -LEADER
fixed length control field 01123nam a2200229 a 4500
003 - CONTROL NUMBER IDENTIFIER
control field AM-YeHGA
005 - DATE AND TIME OF LATEST TRANSACTION
control field 20250618072625.0
008 - FIXED-LENGTH DATA ELEMENTS--GENERAL INFORMATION
fixed length control field 060329s1881 is r 000 0 arm d
040 ## - CATALOGING SOURCE
Original cataloging agency AM-YeHGA
041 0# - LANGUAGE CODE
Language code of text/sound track or separate title arm
090 ## - LOCALLY ASSIGNED LC-TYPE CALL NUMBER (OCLC); LOCAL CALL NUMBER (RLIN)
-- 181819
245 00 - TITLE STATEMENT
Title Ժամագիրք Հայաստանեայց Ս. եկեղեցւոյ /
Statement of responsibility, etc. Արարեալ` Սրբոց թարգմանչացն մերոյ Սահակայ եւ Մեսրովպայ եւ երանելի հայրապետացն մերոց Գիւտոյ եւ Յովհաննու Մանդակունւոյ եւ Սրբոյն Ներսիսի Շնորհալւոյ.
260 ## - PUBLICATION, DISTRIBUTION, ETC.
Place of publication, distribution, etc. Յերուսաղէմ :
Name of publisher, distributor, etc. տպ. սրբոց Յակոբեանց,
Date of publication, distribution, etc. 1881.
300 ## - PHYSICAL DESCRIPTION
Extent 680 էջ :
Other physical details աղյս. ;
Dimensions 18 սմ.
650 14 - SUBJECT ADDED ENTRY--TOPICAL TERM
Topical term or geographic name entry element Ժամագիրք
9 (RLIN) 4501
700 0# - ADDED ENTRY--PERSONAL NAME
Personal name Մեսրոպ Մաշտոց,
Dates associated with a name 362-440
9 (RLIN) 4901
700 0# - ADDED ENTRY--PERSONAL NAME
Personal name Գիւտ Մանդակունի
700 0# - ADDED ENTRY--PERSONAL NAME
Personal name Հովհան Մանդակունի
Dates associated with a name 403-490
700 0# - ADDED ENTRY--PERSONAL NAME
Personal name Ներսես Շնորհալի,
Dates associated with a name 1100-1173
9 (RLIN) 3346
856 41 - ELECTRONIC LOCATION AND ACCESS
Uniform Resource Identifier <a href="http://greenstone.flib.sci.am/gsdl/collect/haygirq/book/jamagirq1881.pdf">http://greenstone.flib.sci.am/gsdl/collect/haygirq/book/jamagirq1881.pdf</a>
Link text Կարդալ առցանց
942 ## - ADDED ENTRY ELEMENTS (KOHA)
Source of classification or shelving scheme Universal Decimal Classification
Koha item type Գրքեր / Books
Holdings
Withdrawn status Lost status Damaged status Not for loan Collection Home library Current library Date acquired Total checkouts Full call number Barcode Date last seen Price effective from Koha item type Public note
        General Fundamental Scientific Library Fundamental Scientific Library 28/12/2016   AII/5611 FL0022871 28/12/2016 28/12/2016 Գրքեր / Books 30 Days Loan


ՀՀ ԳԱԱ հիմնարար գիտական գրադարան
ՀՀ,Երևան 0019
Մարշալ Բաղրամյան 24/6
հեռախոս:(374-10) 52-47-50
Հետադարձ կապ

All site content, except where otherwise noted, is licensed under a
Creative Commons License